Thành ngữ tiếng Việt

שמור ב:
מידע ביבליוגרפי
פורמט: ספר
יצא לאור: 2009
תגים: הוספת תג
אין תגיות, היה/י הראשונ/ה לתייג את הרשומה!
Thư viện lưu trữ: Mạng thư viện Đại học Đà Nẵng
LEADER 00457nam a22001811a 4500
001 000039401
003 15696
005 20160412021958.0
008 160412s2009 000
082 |a 4V(TK)1452 
245 |a Thành ngữ tiếng Việt  |c Nguyễn Lực, Lương Văn Đang 
260 |c 2009 
OWN |a LNN 
999 |a From the UDN01 
TYP |a Monograph 
980 |a Mạng thư viện Đại học Đà Nẵng